000 00442nam a2200157 4500
001 1907
005 20181127164215.0
008 720420s1963 nyua 000 0 eng
010 _a 63018418
100 1 _aReid, Constance.
245 1 2 _aA long way from Euclid /
_cConstance Reid.
260 _aNew York :
_bT. Y. Crowell Co.,
_c1963.
300 _aix, 292 p. :
_bill. ;
_c21 cm.
650 0 _aGeometry
_xHistory.
650 0 _aMathematics
_xHistory.
999 _c1468
_d1468